Normal view
MARC view
Entry Topical Term
001 - CONTROL NUMBER
- control field: 6040
003 - CONTROL NUMBER IDENTIFIER
- control field: ARRUPE
005 - DATE AND TIME OF LATEST TRANSACTION
- control field: 20131219142031.0
008 - FIXED-LENGTH DATA ELEMENTS
- fixed length control field: 131219|| aca||aabn | a|a d
040 ## - CATALOGING SOURCE
- Original cataloging agency: ARRUPE
- Transcribing agency: ARRUPE
150 ## - HEADING--TOPICAL TERM
- Topical term or geographic name as entry element: Democracy
670 ## - SOURCE DATA FOUND
- Source citation: Work cat.: (ARRUPE): Maroshek-Klarman, Uki 6038, There is no such thing as some democracy, 1993